Spanish Adverbs A1 (ES->EN) - Statistics

General Stats
  • This quiz has been taken 23 times
  • The average score is 29 of 48
Answer Stats
English Spanish % Correct
big grande
100%
good bueno
100%
fast rápido
95%
slow lento
95%
small / little pequeño
95%
bad malo
90%
interesting interesante
90%
easy fácil
85%
expensive caro
80%
boring aburrido
75%
cheap barato
75%
cold frío
75%
difficult difícil
75%
hot caliente
75%
long largo
75%
new nuevo
75%
old viejo
75%
short corto
75%
smart inteligentemente
75%
stupid tonto
70%
hard duro
65%
high / tall alto
65%
poor pobre
65%
rich rico
65%
ugly feo
60%
beautiful hermoso
55%
dark oscuro
55%
heavy pesado
55%
light ligero
55%
strong fuerte
55%
bright brillante
50%
low bajo
50%
thin delgado
50%
clean limpio
45%
empty vacío
45%
full completo / lleno
45%
soft suave
45%
thick grueso
45%
weak débil
45%
dangerous peligroso
40%
dirty sucio
40%
safe seguro
40%
dry seco
35%
wet mojado
35%
narrow estrecho
25%
wide ancho
25%
quiet tranquillo
20%
loud fuerte
15%
No matching quizzes found
Score Distribution
Percent of People with Each Score
Percentile by Number Answered
Your Score History
You have not taken this quiz